000 00364nam a2200133Ia 4500
008 240624s9999 xx 000 0 und d
041 _aeng
082 _a332.6327 IND
100 _aINDIAN INSTITUTE OF BANKING AND FINANCE
245 _aTECHNICAL AND FUNDAMENTAL ANALYSIS OF CO
260 _aNew Delhi
_bTaxmann
300 _axii, : 130 : p. : cm ; 24
365 _cRS
999 _c2604
_d2604